Statistiques concernant Le titre est dans les paroles #2 (Rap FR)

Cliquez ici pour prendre le quiz!

Statistiques générales

  • Ce quiz a été pris 292 fois
  • Le résultat moyen est 6 sur 15

Statistiques - réponses

ParolesTitres% Correct
Elle du rouge sous ses talons
Elle me dit qu'elle a mal
Elle veut que j'sois son __________
Médicament
80%
__ _____ bien ce que l'avenir nous réservera
__ _____, vas-y, viens, on n'y pense pas
On verra
65%
Sur les lacets de mes ___ ___ il reste un peu de sang
Elle apparait puis disparaît sous mon volant
Air max
61%
J'suis marié à la _____,
J'suis marié à la _____,
Street
60%
Au volant du Cayenne, une blonde comme un ______
J'crois qu'c'est un alien, mais j'en veux encore
Saiyan
58%
Bébé là j'ai envie d'faire le dingue, fais-moi oublier le binks
______ appelle-moi ce soir et j'démarre de la zone
Angela
57%
Il s'appelait ___
Il aimait un peu trop
La cocaïne, la cocaïne
Coco
49%
Pour acheter bijoux à la mama lova
La go-là m'a pris pour son _______
Casanova
39%
Elle veut quoi la-celle, nouveau YSL, j'lui dis "fais des sous"
Nan mais j'hallucine, on n'est pas tout seul dans ma ______
Cabeza
38%
Montre-moi, montre-moi
Que t'es pas comme toutes ces ______
______
Putana
37%
J'suis dans l'_________, et mates mes putains de gentes
J'suis dans l'_________, ouverture papillon
Aventador
34%
Nouveau che-ri ancien _______ ______
Pas de frayeur, mes G savent que j'suis le meilleur
Mauvais payeur
26%
J'aurai pas toute ces valeurs si j'avais pas zoné
Un peu de ________, j'vais jusqu'à Ketama
Gasolina
20%
Avocat, lawyer, Harvey Specter
Avocat, lawyer, Harvey Specter
Bébé est chargé comme ___ ______, Lara Croft, Lara Croft ____ ______
Tomb raider
12%
Tu fais trop de d'dégâts, ______
Crois-moi t'as le regard qui tue
Médusa
6%

Distribution des résultats

Percentile par nombre de réponses

% des personnes avec chaque résultat

Votre développement - résultats

Vous n’avez pas pris ce quiz